000 00310nam a22001457a 4500
003 OSt
005 20160727222405.0
008 160623b xxu||||| |||| 00| 0 eng d
040 _cTEST
100 _9813
_aSunrise
245 _aCinderella
260 _aD
_bSUNRISE
_c2000
300 _aCinderella
942 _2ddc
_cBK
999 _c651
_d651